000 01172nam a2200337 i 4500
001 13544
003 KOSZ 005
005 20240405063017.0
008 080218s1964 pl a f 000 0 pol
015 _aPB 1964/5455
035 _a(OCoLC)751144108
040 _aWA N
_cWA N
_dKOSZ 005/KK
080 _a331.81(438):31
100 1 _aZiomek, Maksymilian Józef
_d(1906-1966).
_eAutor.
245 1 0 _aAbsencja w pracy /
_cMaksymilian Józef Ziomek.
260 _aWarszawa :
_bPaństwowe Wydawnictwo Ekonomiczne,
_c1964.
300 _a303, [1] strony :
_bilustracje ;
_c18 cm.
336 _2rdacontent
_aTekst
_btxt
337 _2rdamedia
_aBez urządzenia pośredniczącego
_bn
338 _2rdacarrier
_aWolumin
_bnc
380 _aKsiążki.
504 _aBibliografia na stronach 280-294.
658 _aGospodarka, ekonomia, finanse
650 4 _aPraca
648 4 _a1901-2000
655 4 _aDane statystyczne
648 4 _a1945-1989
710 2 _aPaństwowe Wydawnictwo Ekonomiczne
_4pbl.
856 _uhttp://koha.tu.koszalin.pl/cgi-bin/koha/opac-detail.pl?biblionumber=13544
_yKatalog online BPK
942 _2UKD
_cKS
999 _c13544
_d13544